Derecho y reparación de daños (Record no. 133799)

MARC details
000 -LEADER
fixed length control field 01380cam a2200241 4500
005 - DATE AND TIME OF LATEST TRANSACTION
control field 20250715121405.0
008 - FIXED-LENGTH DATA ELEMENTS--GENERAL INFORMATION
fixed length control field 031001s2001 ag 000 0 spa u
020 ## - INTERNATIONAL STANDARD BOOK NUMBER
International Standard Book Number 9506792992
050 04 - LIBRARY OF CONGRESS CALL NUMBER
Classification number KHA965
Item number D47 2001
245 00 - TITLE STATEMENT
Title Derecho y reparación de daños
Remainder of title : tendencia jurisprudencial anotada y sistematizada
-- Daño al medio ambiente y al sistema ecológico, responsabilidad civil, administrativa y penal /
Statement of responsibility, etc / Carlos A. Ghersi, director, ; autor Francisco Costa,...[et al.]
250 ## - EDITION STATEMENT
Edition statement 1a ed.
260 ## - PUBLICATION, DISTRIBUTION, ETC. (IMPRINT)
Place of publication, distribution, etc Buenos Aires :
Name of publisher, distributor, etc Editorial Universidad,
Date of publication, distribution, etc 2001
300 ## - PHYSICAL DESCRIPTION
Extent v. ;
Dimensions 23 cm.
505 1# - FORMATTED CONTENTS NOTE
Title T.3 Daño al medio ambiente y al sistema ecológico, Responsabilidad civil, administrativa y penal, Defensa del consumidor y del medio ambiente, Defensor del pueblo, acción de amparo y de clase, Asociaciones ecológicas e intereses difusos, contaminación sonora e impacto ambiental, Delincuencia ecológica: responsabilidad de los directores de personas jurídicas, Responsabilidad internacional de los Estados: protección en el derecho comparado.
650 #7 - SUBJECT ADDED ENTRY--TOPICAL TERM
Topical term or geographic name as entry element Daños y perjuicios
Geographic subdivision Argentina
650 #4 - SUBJECT ADDED ENTRY--TOPICAL TERM
Topical term or geographic name as entry element Agravios
Geographic subdivision Argentina
700 1# - ADDED ENTRY--PERSONAL NAME
Personal name Ghersi, Carlos A.,
Relator term director
700 1# - ADDED ENTRY--PERSONAL NAME
Personal name Costa, Fracisco,
Relator term autor
700 1# - ADDED ENTRY--PERSONAL NAME
Personal name Cáceres, Juan,
Relator term autor
700 1# - ADDED ENTRY--PERSONAL NAME
Personal name Bayugar, Martín,
Relator term autor
700 1# - ADDED ENTRY--PERSONAL NAME
Personal name Ghersi, Sebastián,
Relator term autor
942 ## - ADDED ENTRY ELEMENTS (KOHA)
Source of classification or shelving scheme Biblioteca del Cogreso de los Estados Unidos
Koha item type
Holdings
Estado de pérdida Fuente de clasificación Estado del daño No para préstamo Ubicación permanente Ubicación actual Apartado o colección Fecha de adquisición Edición Enumeración de Serie / Cronológica Área del conocimiento Clasificación Código de Barras Date last seen Número de copia Costo por reposición Tipo de recurso
  Biblioteca del Cogreso de los Estados Unidos     Biblioteca de la Facultad de Derecho y Ciencias Sociales "Felipe J. Tena" Biblioteca de la Facultad de Derecho y Ciencias Sociales "Felipe J. Tena" General 21/01/2020 1a ed. T:3 Ciencias Sociales y Administrativas KHA965 D47 2001 BFD000011959 21/01/2020 1a ed. 1.00 Libro